| 000 | 00728nam a22002417a 4500 | ||
|---|---|---|---|
| 003 | UA-OsUOA | ||
| 001 | 20836 | ||
| 007 | ta | ||
| 008 | 20031105b un ||||| |||| 00| 0 ukr d | ||
| 090 |
_a94(477)031 _bН12 |
||
| 942 | _cBK | ||
| 040 |
_aUA-OsUOA _bukr _cUA-OsUOA _dUA-OsUOA |
||
| 245 |
_aНа переломі _bдруга половина XV - перша половина XVI ст. _cВ.А.Смолій, О.І.Гуржій, Р.П.Іванченко |
||
| 300 | _a352 с. | ||
| 955 | _a2 | ||
| 041 | _aukr | ||
| 080 | _a94(477)031 | ||
| 020 | _a5-319-01070-2 | ||
| 260 |
_aКиїв _bУкраїна _c1994 |
||
| 044 | _aUA | ||
| 650 | 7 |
_a9 Географія. Біографії. Історія _2UDC |
|
| 999 |
_c307020 _d307020 |
||